00497nam a2200145Ia 4500008004100000041000800041082001500049100002000064245004500084260004400129300002400173365000900197999001700206952012800223240624s9999 xx 000 0 und d aeng a332.63 FAB aFABOZZI FRANK J aDURATION CONVEXITY AND OTHER BOND RISK M c1999aPennsylvaniabJohn Wiley and Sons a254 : p. : cm. ; 24 cb30 c11120d11120 00104070aIMTNbIMTNcRack 11-Ad2008-10-15eBWEg79.95n4875o332.63 FABp11120r2024-06-24 00:00:00t48w2024-06-24yBK